| 000 | 00562nam a22001457a 4500 | ||
|---|---|---|---|
| 008 | 211101b ||||| |||| 00| 0 eng d | ||
| 020 | _a9781628371727 | ||
| 050 |
_a N8023 _b.A78 2017 |
||
| 245 |
_aThe art of visual exegesis : _brhetoric, texts, images / _cedited by Vernon K. Robbins, Walter S. Melion, and Roy R. Jeal. |
||
| 260 |
_aAtlanta : _bSBL Press, _c2017 |
||
| 300 |
_axix, 511 pages : _billustrations ; _c23 cm. |
||
| 500 | _aIncludes bibliographical references (pages 441-486) and index. | ||
| 650 |
_a Bible _xIllustrations. |
||
| 942 |
_2lcc _cBK |
||
| 999 |
_c57101 _d57101 |
||